| 000 | 00732nam a2200229 i 4500 | ||
|---|---|---|---|
| 003 | DO-SdBNP | ||
| 005 | 20230929114508.0 | ||
| 006 | a||||br|||| 00| 0 | ||
| 007 | ta | ||
| 008 | 230927b190? dr a|||| |||| 00| 0 spa d | ||
| 040 |
_aDO-SdBNP _bspa _cBNPHU _erda |
||
| 082 | 4 |
_222 _bT234y |
|
| 100 | 1 |
_aTavárez Belliard, Aurora, _d1894-1972 _957394 _eautora |
|
| 245 |
_aYo aprendo a leer: _bcartilla silabario. / _cAurora Tavárez Belliard |
||
| 264 |
_aSanto Domingo : _bLibrería Dominicana, _c[190?] |
||
| 300 |
_a115 páginas : _bIlustraciones ; _c24 cm. |
||
| 336 |
_2rdacontent _atexto _btxt |
||
| 337 |
_2rdamedia _asin mediación _bn |
||
| 338 |
_2rdacarrier _avolumen _bnc |
||
| 590 | _aInventariado 2023 / MF | ||
| 942 |
_2ddc _cLBS1 |
||
| 999 |
_c54977 _d54977 |
||